| 000 | 005770000a22001930004500 | ||
|---|---|---|---|
| 090 |
_aAR _b02429 |
||
| 245 | 1 | 0 | _aWoodrats (<genus Neotoma>) of Sinaloa, Mexico |
| 650 | 1 | 4 |
_aRoedores _97408 |
| 650 | 1 | 4 |
_aSistemática animal _992968 |
| 650 | 1 | 4 |
_aEcología _992250 |
| 650 | 1 | 4 |
_aDistribución geográfica _992997 |
| 651 | 4 |
_mSinaloa _pMéxico _992749 |
|
| 653 | _gNeotoma | ||
| 041 | 0 | _aInglés | |
| 700 | 1 |
_aJones, J. Knox _99498 |
|
| 100 | 1 |
_aBirney, Elmer C. _995974 |
|
| 942 | _cARTICULO | ||
| 773 | 1 |
_tTransactions of the Kansas Academy of Science _342 _h2 _q197-211 _d1971 _g74 |
|
| 999 |
_c11496 _d11496 |
||